00841cam a2200205 a 450000100100000000500170001000800410002704000250006808200130009310000290010624501120013526001180024730000210036549000470038650400540043365000440048765000370053170000180056883000490058600001460620200929163856.0920131s1966 ve b 000 0 spa d aDO-SdBNPbspacBNPHU axxxbxxx1 aBodin, Jean,d1530-1596.14aLos seis libros de la República /cJ. Bodino ; selección, traducción e introducción de Pedro Bravo. aCaracas :bInstituto de Estudios Políticos ;bFacultad de Derecho ;bUniversidad Central de Venezuela,c[1966]. a400 p. ;c24 cm.1 aAntologías del pensamiento políticov7 aIncluye referencias bibliográficas: (p. 75-90). 0aPolitical sciencexEarly works to 1800. 0aState, thexEarly works to 1800.1 aBravo, Pedro. 0aAntologías del pensamiento político ;v7